000 00775nmm a2200277 a 4500
003 AR-BaBNM
005 20251128203413.0
008 207019s1952 ||||||||||||||000 | spa||
040 _cAR-BaBNM
100 1 _aKelsen, Hans
245 1 0 _aProblemas escogidos de la teoría pura del derecho
_bteoría egológica y teoría pura
260 _aBuenos Aires
_bKraft
_c1952
300 0 _a161 p.
500 0 _aIndice p. 159-161
504 _aBibliografía a pie de página
650 4 _aDERECHO
650 4 _aDERECHO NATURAL
650 4 _aTEORIA DEL DERECHO
650 4 _aRESPONSABILIDAD LEGAL
650 4 _aFILOSOFIA DEL DERECHO
650 4 _aLIBERTAD
700 1 _aCossio, Carlos
700 1 _aLascano, Carlos María
_eprologuista
942 _cBK
998 _cAndrea
999 _c3231
_d3231